| 000 | 00644nam a2200229 a 4500 | ||
|---|---|---|---|
| 005 | 20210219152851.0 | ||
| 008 | 991125n 000 0 eng u | ||
| 035 | _aUPN01000064143 | ||
| 100 | _aREED, Phil | ||
| 222 | _aLEARNING AND MOTIVATION | ||
| 245 | _aAnalysis of potentiation and overshadowing effects in the instrumental performance of pegeons | ||
| 300 | _a368-382 | ||
| 362 | _a1992 32, no. 4 nov. | ||
| 653 | 0 | _aAPRENDIZAJE | |
| 653 | 0 | _aCOMPORTAMIENTO | |
| 653 | 0 | _aENTRENAMIENTO | |
| 653 | 0 | _aESTIMULOS | |
| 653 | 0 | _aPRUEBAS EDUCATIVAS | |
| 700 | _aHONEY, R. C., coaut. | ||
| 904 |
_aAC _b001954 |
||
| 905 | _aArticulo | ||
| 999 |
_c62443 _d62443 |
||